000 00506nam a2200193Ia 4500
003 PILC
005 20150617100240.0
008 140130s9999 xx 000 0 und d
020 _a0439661595
050 _aPZ7.
_bJ6364Bad 2005
100 _aChatterton, Martin
_923899
245 _cMartin Chatterton.
_aBad Dogs and those crazy martians /
260 _bScholastic,
_aUSA.
_c2005.
300 _a165 p. :
_bill. ;
_c22 cm.
440 _v1
_931174
526 _c790
942 _cBK
_2lcc
999 _c41132
_d41132